000 00888nam a2200193 a 4500
001 246
003 CO-ViMGA
008 141112s2004 ck r 000 u spa d
040 _aCO-ViMGA
_bspa
_cCO-ViMGA
082 0 4 _a646.726 W347
100 1 _aWeiss, Deborah L.
_947969
245 1 0 _aEl cuidado de los ojos /
_cDeborah L. Weiss
260 _aBarcelona :
_bCeac,
_c1989
300 _a96 p : il
490 _aCupula
505 _aEl mecanismo de la visión? 4 - - Prevención de las heridas oculares? 16 - - Detección de los problemas oculares 25 - - Problemas habituales de la visión? 32 - - Gafas 39 - - Lentes de contacto 46 - - Primeros auxilios en las heridas oculares 54 - - Problemas habituales de los ojos 66 - - Tumores oculares 75 - - los ojos de nuestros niños 77 - - Problemas oculares en la tercera edad 85
650 1 4 _aOJOS - CUIDADO E HIGIENE
_947970
942 _2ddc
_cBK
999 _c12493
_d12493